000 00507nam a22001457a 4500
082 _a621.3
100 _aKhan, Talha Masood
245 _aDesign, Simulation and Optimization of Novel Microgripper for the Diagnosis of Dysplasia /
_cTalha Masood Khan
260 _aIslamabad :
_bCEME - NUST,
_c2013.
300 _a105 p. ;
_c30cm.
650 _aElectrical Engineering-MS-Thesis
_916073
700 _aDr. Hamood Ur Rehman
_929753
942 _2ddc
_cTHE
999 _c537867
_d537867